Sports Quiz

Random Sports or NCAA Quiz
Score 0/30 Timer 06:00
0 Plays Today
Player Record Player % Correct
#10 career passing yardsAaron Rodgers
94.3%
#2 career rushing yardsMarshawn Lynch
90.1%
#1 career passing yardsJared Goff
87.9%
#5 career receiving yardsDeSean Jackson
75.9%
#8 career rushing yardsJahvid Best
75.2%
#6 career passing yardsNate Longshore
71.6%
#3 career receiving yardsKeenan Allen
71.6%
#9 career rushing yardsJ.J. Arrington
67.4%
#3 career rushing yardsJustin Forsett
61%
#3 career passing yardsKyle Boller
58.9%
#9 career passing yardsKevin Riley
58.9%
#7 career rushing yardsShane Vereen
49.6%
#5 career rushing yardsChuck Muncie
44%
#8 career receiving yardsMarvin Jones
44%
#1 career rushing yardsRussell White
43.3%
Player Record Player % Correct
#4 career receiving yardsBryce Treggs
40.4%
#6 career rushing yardsPaul Jones
35.5%
#1 career receiving yardsGeoff McArthur
34%
#6 career receiving yardsBrian Treggs
33.3%
#4 career rushing yardsJoe Igber
32.6%
#4 career passing yardsPat Barnes
27.7%
#2 career passing yardsTroy Taylor
24.8%
#8 career passing yardsDave Barr
24.8%
#5 career passing yardsRich Campbell
17%
#7 career passing yardsGale Gilbert
17%
#9 career receiving yardsWesley Walker
15.6%
#6 career receiving yards (tie)Dameane Douglas
13.5%
#2 career receiving yardsBobby Shaw
12.1%
#10 career rushing yardsJohn Olszewski
7.1%
#10 career receiving yardsNa'il Benjamin
5%
Remove Ads.
Support Sporcle.
Get the best of Sporcle when you Go Orange. This ad-free experience offers more features, more stats, and more fun while also helping to support Sporcle. Thank you for becoming a member.

You're not logged in!

Compare scores with friends on all Sporcle quizzes.
OR
Log In

Show Comments

Extras

Top Quizzes Today


Score Distribution

Your Account Isn't Verified!

In order to create a playlist on Sporcle, you need to verify the email address you used during registration. Go to your Sporcle Settings to finish the process.

Report this User

Report this user for behavior that violates our Community Guidelines.

Details: